| 000 | 00905nam a2200265 a 4500 | ||
|---|---|---|---|
| 001 | BRL_1310 | ||
| 005 | 20190320211136.0 | ||
| 008 | 060114s1953----fr-ob#####---#000-0#fre-# | ||
| 041 | _afre | ||
| 044 | _afr | ||
| 050 | 4 |
_aF3451.A5 _b.F43 1953 |
|
| 100 | 1 |
_aFebvre, Jean-Louis _926463 |
|
| 245 | 1 | 0 |
_aCrépuscule Inka _bprésente des photographies de Jean-Louis Febvre, Jehan Vellard, Daniel Vilfroy _ctexte de Jean-Louis Febvre ; préface de L. Baudin. |
| 260 |
_aParís _bDel Duca _c[1953] |
||
| 300 |
_av. _bil. (algunas a color), mapas _c27 cm. |
||
| 440 | 0 |
_aMondes et visages _v2 _926464 |
|
| 500 | _aEstado físico : camisa rota | ||
| 500 | _aAu1535 | ||
| 650 | 1 | 4 |
_aIncas _vObras pictóricas _926465 |
| 650 | 1 | 4 |
_aIndígenas de América del Sur _vObras pictóricas _zAndes _926466 |
| 651 | 4 |
_aAndes _vObras pictóricas _926467 |
|
| 700 | 1 |
_aBaudin, L. _926468 |
|
| 902 | _aGRL | ||
| 942 |
_2lcc _cB |
||
| 999 |
_c10122 _d10122 |
||